| 000 | 00463nam a22001457a 4500 | ||
|---|---|---|---|
| 082 | _a BEE-5 WAL | ||
| 100 |
_a Waleed Aslam _992934 |
||
| 245 | _a Aware2-Fall detection, Activity and vital signs monitoring device | ||
| 260 |
_aIslamabad _bNUST-SEECS _c2012 |
||
| 300 | _a 132p. | ||
| 500 | _a Supervisors: Dr. Osman Hasan, Muhammad Jameel Nawaz Malik | ||
| 563 | _aHB | ||
| 856 | _u http://10.250.8.41:8080/xmlui/handle/123456789/9167 | ||
| 942 |
_cPR _2ddc |
||
| 999 |
_c12681 _d12681 |
||